000 00428nam a2200193Ia 4500
008 101110s9999 xx 000 0 und d
041 _aENGLISH
082 _bSR4727
_a828
100 _aMoore, Howard
245 _aSavage Survivals
365 _b1.5
520 _aEnglish
546 _aENGLISH
630 _aSavage Survivals
650 _aEnglish
655 _aEnglish
730 _aSavage Survivals
942 _cBOOK
999 _c800893
_d800890